An Inside View of Abortion. (Record no. 108859)
[ view plain ]
| 000 -LEADER | |
|---|---|
| fixed length control field | 00257nam a2200109 a 4500 |
| 005 - DATE AND TIME OF LATEST TRANSACTION | |
| control field | 20140414093833.0 |
| 008 - FIXED-LENGTH DATA ELEMENTS--GENERAL INFORMATION | |
| fixed length control field | 970109s19uu xx 00 eng d |
| 050 ## - LIBRARY OF CONGRESS CALL NUMBER | |
| Classification number | VHS 300 |
| Item number | OR 06 |
| 245 ## - TITLE STATEMENT | |
| Title | An Inside View of Abortion. |
| 942 ## - ADDED ENTRY ELEMENTS (KOHA) | |
| Koha item type | Audio Visual Materials |
| Withdrawn status | Lost status | Damaged status | Home library | Current library | Shelving location | Date acquired | Source of acquisition | Cost, normal purchase price | Total Checkouts | Full call number | Barcode | Date last seen | Price effective from | Koha item type |
|---|---|---|---|---|---|---|---|---|---|---|---|---|---|---|
| Luxembourg Library | Luxembourg Library | Audio Visual Material Section | 05/14/2003 | 225.00 | VHS 300 OR 06 | AV0328 | 04/14/2014 | 04/14/2014 | Audio Visual Materials |